000 00817nam a2200205 a 4500
008 081022s1998 ||||||||||||||||| || u
020 _a0821342290
050 _aIBRD(08)
100 _aGuadagni, Maurizio
245 1 0 _aDesigning rules for demand-driven rural investment funds: the Latin American experience
_cby Thomas Wiens and Maurizio Guadagni
260 _aWashington, D.C.:
_bWorld Bank
_c1998
300 _axix, 69p.: ill.
350 _a0.00
490 _aWORLD BANK TECHNICAL PAPER
500 _aTechnical Paper No. 407
650 _aRURAL DEVELOPMENT PROJECTS--LATIN AMERICA--FINANCE
700 _aWiens, Thomas
710 _aWorld Bank
995 _D0.00
_FCBU-MAIN LIBRARY (Kitwe)
_H1
_I0.00
_M407
_UAVAILABLE
_WOct 22, 2008
_ZInternational Publications
999 _c39805
_d39805